| 000 | 01012nam a22003017a 4500 | ||
|---|---|---|---|
| 005 | 20160125103205.0 | ||
| 008 | 110104s2010 nyua sb 001 0 eng d | ||
| 020 | _a9780071613705 | ||
| 020 | _a0071613706 | ||
| 041 | 0 | _aeng | |
| 080 | _a004 | ||
| 245 | 0 | 0 |
_aApplied Oracle security _cDavid C. Knox ... [et al.] ; technical editors, Ben Ault ... [et al.]. |
| 256 | _aComputer document. | ||
| 260 |
_aNew York : _bOracle Press/McGraw-Hill, _c2010 |
||
| 300 |
_a610 f.: _bme il.; _c23 cm |
||
| 505 | _aIndex: f. 593 - 610 | ||
| 516 | _aText. | ||
| 530 | _aAvailable also in a print ed. | ||
| 538 | _aMode of access: Internet via World Wide Web. | ||
| 550 | _aDigitized and made available by: Books24x7.com. | ||
| 630 | 0 | 0 | _aOracle (Computer file) |
| 650 | 0 | _aKompjuterat | |
| 650 | 0 | _aSigurimi | |
| 655 | 7 | _aElectronic books. | |
| 700 | 1 |
_aKnox, David _q(David C.) |
|
| 700 | 1 |
_aAult, Ben. _4edt |
|
| 942 |
_2udc _cBK |
||
| 999 |
_c555 _d555 |
||